000 00915nam a2200265Ia 4500
003 OSt
005 20221005112051.0
006 a|||||r|||| 00| 0
007 ta
008 221004b |||||||| |||| 00| 0 hin d
020 _a8187772395 (pbk)
_cIndian Rupees 150
024 _a33853
037 _bGift, 05/10/2017,
_cTextual
040 _aCRL
_cCRL
_bhin
041 _2hin
_ahin
082 _aX, 152Q5
100 _aफोस्टर, जॉन बेलामी, ले.
_9624104
245 0 _aअन्तहीन संकट
246 _aAntahīn sankaṭa
260 _aसहारनपुर
_bगार्गी प्रकाशन भारत
_c2015
300 _a248पृ0
_ccm.
650 _aअर्थशास्त्र
942 _hX, 152Q5
_cTEXL
_2cc
999 _c1023731
_d1023731